| 000 | 00839cam a22001814a 4500 | ||
|---|---|---|---|
| 005 | 20250605163940.0 | ||
| 008 | 250528s ||||||||||||||||||||||||d | ||
| 035 | _a15008 | ||
| 040 |
_aGR-AtMCL _bgre _dGR-AtMCL _eAACR2 |
||
| 245 | 1 | _aΕισαγωγή στους Η/Υ και την Πληροφορική / Βασικές Έννοιες | |
| 260 |
_bΘεσσαλονίκη, _c1988 |
||
| 300 | _a116 | ||
| 520 | _aΠαράσταση Στοιχείων στον Η/Υ, Κεντρική Μνήμη, Κεντρική Μονάδα Επεξεργασίας (CPU), Εξωτερικές Συσκευές, Τεχνικά Χαρακτηριστικά συσκευών, Λειτουργικό Σύστημα, Επικοινωνία. | ||
| 700 | 1 |
_aΤασούλας Παναγιώτης Α _9837 |
|
| 942 | _cBK | ||
| 999 |
_c614 _d614 |
||